[Event "DYTM KL Open 2012"]
[Site "Kuala Lumpur MAS"]
[Date "2012.09.22"]
[Round "7.10"]
[White "Vakhidov,T"]
[Black "Ng Tze Han"]
[Result "1/2-1/2"]
[WhiteElo "2477"]
[BlackElo "2285"]

1.Nf3 Nf6 2.c4 e6 3.g3 b6 4.Bg2 Bb7 5.O-O c5 6.Nc3 Be7 7.d4 cxd4 8.Qxd4 d6
9.Rd1 a6 10.e4 Nbd7 11.b3 O-O 12.Ba3 Nc5 13.e5 dxe5 14.Qxe5 Qb8 15.Qxb8 Raxb8
16.Ne5 Bxg2 17.Kxg2 Rfc8 18.Rd4 Rb7 19.f4 b5 20.Bb2 b4 21.Ne2 a5 22.Rad1 a4
23.Nc1 axb3 24.axb3 h5 25.Kf3 Ng4 26.Nxg4 hxg4+ 27.Kxg4 Bf6 28.R4d2 Ne4 29.Re2 Bc3
30.Kf3 f5 31.Rc2 Ra8 32.Bxc3 bxc3 33.Rd3 g5 34.fxg5 Nxg5+ 35.Kf4 Ne4 36.g4 Rh7
37.h3 Rf8 38.b4 Nd2 39.Rcxc3 fxg4+ 40.Ke5 Nf3+ 41.Kd6 Rd8+ 42.Kc5 Rc8+ 43.Kb5 Ne5
44.hxg4 Rb7+ 45.Ka4 Nxc4 46.Kb3 Na5+ 47.Kc2 Rxc3+ 48.Kxc3 Rc7+ 49.Kb2 Nc4+
50.Kb3 Ne5 51.Re3 Nxg4 52.Rxe6 Kf7 53.Re1 Nf6 54.Na2 Nd5 55.b5 Rb7 56.Kc4 Nc7
57.Nc3 Nxb5 58.Nxb5 Kf6 59.Kc5 Rb8 60.Nd6 Ra8 61.Nc4 Rc8+ 62.Kd5 Rd8+ 63.Nd6 Ra8
64.Rf1+ Kg5 65.Ke6 Ra6 66.Rf8  1/2-1/2

[Event "TCh-SRB Prem 2012"]
[Site "Valjevo SRB"]
[Date "2012.09.23"]
[Round "7.1"]
[White "Barlov,D"]
[Black "Radlovacki,J"]
[Result "1/2-1/2"]
[WhiteElo "2456"]
[BlackElo "2408"]

1.c4 c5 2.Nf3 Nf6 3.g3 b6 4.Bg2 Bb7 5.O-O e6 6.Nc3 Be7 7.Re1 O-O 8.e4 d6
9.d4 cxd4 10.Nxd4 Qd7  1/2-1/2

[Event "TCh-SRB Prem w 2012"]
[Site "Valjevo SRB"]
[Date "2012.09.23"]
[Round "7.4"]
[White "Zivkovic,Ves"]
[Black "Maksimovic,S"]
[Result "1/2-1/2"]
[WhiteElo "2097"]
[BlackElo "2223"]

1.Nf3 Nf6 2.g3 b6 3.Bg2 Bb7 4.O-O e6 5.c4 c5 6.Nc3 Be7 7.d4 cxd4 8.Nxd4 Bxg2
9.Kxg2 Nc6 10.Nxc6 dxc6 11.Qxd8+ Rxd8 12.Bf4 O-O 13.Rad1 Rxd1 14.Rxd1 Rd8
15.Rxd8+ Bxd8  1/2-1/2

[Event "30th Balaton IM"]
[Site "Heviz HUN"]
[Date "2012.09.24"]
[Round "2.5"]
[White "Habibi,Al"]
[Black "Polajzer,D"]
[Result "1/2-1/2"]
[WhiteElo "2298"]
[BlackElo "2300"]

1.Nf3 b6 2.g3 c5 3.Bg2 Bb7 4.c4 Nf6 5.O-O e6 6.d4 cxd4 7.Qxd4 d6 8.Nc3 a6
9.Re1 Be7 10.e4 Qc7 11.b3 Nbd7  1/2-1/2

[Event "Tatry Open 2012"]
[Site "Tatranske Zruby SVK"]
[Date "2012.09.25"]
[Round "3.30"]
[White "Demeter,P"]
[Black "Capak,S"]
[Result "1-0"]
[WhiteElo "2187"]
[BlackElo "2040"]

1.c4 e6 2.Nf3 b6 3.g3 Bb7 4.Bg2 Nf6 5.O-O c5 6.Nc3 d5 7.cxd5 exd5 8.Ne5 Be7
9.Qa4+ Nbd7 10.d3 Qc8 11.e4 dxe4 12.Nxe4 O-O 13.Bh3 Rd8 14.Nxf6+ Bxf6 15.Nxd7 Rxd7
16.Qxd7  1-0

[Event "Vladivostok Russian Cup 2012"]
[Site "Vladivostok RUS"]
[Date "2012.09.25"]
[Round "9.10"]
[White "Korniushin,N"]
[Black "Papin,V"]
[Result "0-1"]
[WhiteElo "2360"]
[BlackElo "2552"]

1.Nf3 c5 2.c4 Nf6 3.g3 b6 4.Bg2 Bb7 5.O-O e6 6.Nc3 Be7 7.d4 cxd4 8.Qxd4 O-O
9.Rd1 d6 10.b3 Nbd7 11.Ba3 Nc5 12.Qe3 a6 13.Nd4 Bxg2 14.Kxg2 Ng4 15.Qf4 Ne5
16.Nf3 Ng6 17.Qe3 Qc7 18.Rac1 Rfd8 19.h4 Bf8 20.h5 Ne7 21.Qf4 h6 22.b4 Nd7
23.Ne4 Nc8 24.c5 bxc5 25.bxc5 Qa5 26.Bb4 Qxa2 27.Rd2 Qb3 28.Rd3 Qb2 29.cxd6 a5
30.Ba3 Qxe2 31.Rd2 Qb5 32.Rc7 Ncb6 33.Rb2 Qxh5 34.Qd2 Qd5 35.Qxd5 Nxd5 36.Rbb7 Nxc7  0-1

[Event "1st Simon Bolivar Open 2012"]
[Site "San Cristobal VEN"]
[Date "2012.09.27"]
[Round "5.4"]
[White "Rakhmanov,Ale"]
[Black "Herrera,Mil"]
[Result "1-0"]
[WhiteElo "2582"]
[BlackElo "2091"]

1.Nf3 Nf6 2.c4 e6 3.g3 b6 4.Bg2 Bb7 5.O-O c5 6.Nc3 a6 7.d4 cxd4 8.Qxd4 d6
9.Bg5 Nbd7 10.Rfd1 Be7 11.Rac1 O-O 12.Qd2 Rc8 13.b3 Qc7 14.Bf4 e5 15.Bg5 h6
16.Bxf6 Nxf6 17.Nh4 Bxg2 18.Nxg2 Qc6 19.Ne3 Ne4 20.Ned5 Bg5 21.Qd3 Nc5 22.Qf3 Kh8
23.Rc2 f5 24.Qg2 Rce8 25.Nb4 Qxg2+ 26.Kxg2 Re6 27.h4 Bd8 28.Rcd2 Ne4 29.Nxe4 fxe4
30.e3 b5 31.Nd5 bxc4 32.b4 Rf7 33.Rc2 Rb7 34.a4 a5 35.b5 Bb6 36.Rxc4 Bc5
37.Nc3 Rb8 38.Nxe4 Bb4 39.Rc6 Rd8 40.b6 Re7 41.Nc3 Bxc3 42.Rxc3 Rb7 43.Rc6 d5
44.Rc5 d4 45.Rxe5 d3 46.Rb5 Rd6 47.Rb3 Rdxb6 48.Rxb6 Rxb6 49.Rxd3 Rb4 50.Rd4 Kh7
51.Kf3 Rb8 52.Rd5 Rf8+ 53.Kg2 Ra8 54.h5 Ra7 55.e4 g6 56.hxg6+ Kxg6 57.f4 h5
58.Rd6+ Kg7 59.Kh3 Rb7 60.Kh4 Rb4 61.e5 Rxa4 62.Kxh5 Re4 63.Rd7+ Kf8 64.Kg6 a4
65.Kf6 Ke8 66.Ra7 Re3 67.e6  1-0

[Event "1st Simon Bolivar Open 2012"]
[Site "San Cristobal VEN"]
[Date "2012.09.29"]
[Round "7.23"]
[White "Guramishvili,S"]
[Black "Boada,W"]
[Result "1-0"]
[WhiteElo "2418"]
[BlackElo "2242"]

1.Nf3 c5 2.c4 b6 3.g3 Bb7 4.Bg2 e6 5.O-O Nf6 6.Nc3 a6 7.Re1 Be7 8.e4 d6 9.d4 cxd4
10.Nxd4 Qc7 11.Be3 O-O 12.Rc1 Re8 13.b3 Nbd7 14.Rc2 Rac8 15.Bc1 Qb8 16.a4 Bf8
17.Ba3 Qa7 18.Rd2 Nc5 19.f3 Red8 20.Bb2 Be7 21.Kh1 Bf8 22.Bh3 Re8 23.Bg2 Red8
24.Nde2 d5 25.cxd5 exd5 26.e5 Nfd7 27.Nf4 Ne6 28.Nfxd5 Rc5 29.f4 b5 30.axb5 axb5
31.f5 b4 32.Na4 Rxd5 33.Rxd5 Nc7 34.Rd2 Nxe5 35.Rxd8 Bxg2+ 36.Kxg2  1-0

[Event "TCh-FIN SM 2012-13"]
[Site "Helsinki FIN"]
[Date "2012.09.30"]
[Round "2.4"]
[White "Virtanen,A"]
[Black "Tolonen,M"]
[Result "0-1"]
[WhiteElo "2343"]
[BlackElo "2219"]

1.Nf3 Nf6 2.c4 c5 3.g3 b6 4.Bg2 Bb7 5.O-O e6 6.Nc3 Be7 7.d4 cxd4 8.Qxd4 d6
9.Bg5 a6 10.Bxf6 Bxf6 11.Qf4 Be7 12.Rfd1 O-O 13.Ne4 Bxe4 14.Qxe4 Ra7 15.Nd4 Rd7
16.Rd2 Qc7 17.b3 Re8 18.Rad1 Qc5 19.e3 Bf8 20.Qb1 Red8 21.b4 Qc8 22.b5 axb5
23.cxb5 d5 24.e4 dxe4 25.Bxe4 g6 26.Kg2 e5 27.Nf3 Rxd2 28.Rxd2 Rxd2 29.Nxd2 Qc3
30.Nf3 Nd7 31.Bd5 Be7 32.Qd1 Nc5 33.Nd2 Kg7 34.Nc4 Nd3 35.Qe2 Bc5 36.f3 Qd4
37.Bxf7 Qg1+  0-1

[Event "TCh-Belgrade Premier 2012"]
[Site "Belgrade SRB"]
[Date "2012.10.09"]
[Round "8.5"]
[White "Pantovic,D"]
[Black "Cerovic,D"]
[Result "1/2-1/2"]
[WhiteElo "2138"]
[BlackElo "2327"]

1.Nf3 Nf6 2.c4 b6 3.g3 Bb7 4.Bg2 e6 5.O-O c5 6.Nc3 a6 7.d4 cxd4 8.Qxd4 Nc6
9.Qf4 Ne7 10.Rd1 Ng6 11.Qd2 Rc8 12.Qd3 Qc7 13.Bg5 Qxc4 14.Qxc4 Rxc4 15.Ne5 Nxe5
16.Bxb7 a5 17.Ba6 Rb4 18.Rd2 Bc5 19.Rad1 Nfg4 20.Rf1 f6 21.Bf4 Nc4 22.a3 Nxd2
23.axb4 axb4 24.Bxd2 bxc3 25.Bxc3 Ke7 26.h3 Ne5 27.b4 Bd6 28.Rb1 Rb8 29.f4 Nc6
30.Bd3 g6 31.b5 Bc5+ 32.Kg2 Na5 33.e4 Nb7 34.Ra1 Nd6 35.g4 Rc8 36.Bb2 Bb4
37.Rc1 Rxc1 38.Bxc1 Bc5 39.Bb2 Nf7 40.h4 e5 41.g5 fxg5  1/2-1/2

[Event "FSGM October 2012"]
[Site "Budapest HUN"]
[Date "2012.10.12"]
[Round "6.2"]
[White "Lalic,B"]
[Black "Horvath,Dav"]
[Result "1/2-1/2"]
[WhiteElo "2488"]
[BlackElo "2386"]

1.Nf3 Nf6 2.c4 e6 3.g3 b6 4.Bg2 Bb7 5.O-O c5 6.Nc3 Be7 7.Re1 d6 8.e4 a6 9.d4 cxd4
10.Nxd4 Qc7 11.Be3 O-O 12.Rc1 Nbd7 13.f4 Rac8 14.f5 e5 15.Nd5 Qd8 16.Nb3 Nxd5
17.cxd5 Bg5 18.Qd2 Bxe3+  1/2-1/2

[Event "13th Liberec Open 2012"]
[Site "Liberec CZE"]
[Date "2012.10.21"]
[Round "2"]
[White "Haase,Pavel"]
[Black "Martinovsky,M"]
[Result "1-0"]
[WhiteElo "1606"]
[BlackElo "1822"]

1.Nf3 Nf6 2.g3 b6 3.Bg2 Bb7 4.O-O c5 5.c4 e6 6.b3 g6 7.Bb2 Bg7 8.e3 O-O 9.d4 d6
10.Nbd2 Qc7 11.Rc1 Nc6 12.Qe2 Rfe8 13.Rfd1 Rad8 14.Nf1 Ne7 15.a3 a5 16.N1d2 Ne4
17.Nxe4 Bxe4 18.Bf1 Qb7 19.Nd2 Bc6 20.f3 Nf5 21.Qf2 d5 22.g4 Ne7 23.Bg2 Rd7
24.Nf1 dxc4 25.bxc4 Red8 26.h4 Rd6 27.Ng3 Qd7 28.Ne2 Qb7 29.Ng3 Qd7 30.Ne2 Ba8
31.Rd3 Qa4 32.f4 Bxg2 33.Kxg2 Qd7 34.Kh2 Nc6 35.Rcd1 Ne7 36.Rc1 Qc6 37.Ng3 f5
38.g5 Qd7 39.Ne2 Nc6 40.Rcd1 Na7 41.Nc1 Qa4 42.dxc5 Rxd3 43.Rxd3 Rxd3 44.Nxd3 Qxc4
45.cxb6 Nc6 46.Bxg7 Qxd3 47.Bb2 Qb5 48.Qd2 Qd5 49.Qxd5 exd5 50.b7 Kf7 51.Be5 Ke7
52.b8=Q Nxb8 53.Bxb8 Kd7 54.Kg2 Kc6 55.Kf2 Kb5 56.Ke2 Kc4 57.Kd2 a4 58.Kc2 d4
59.exd4 Kxd4 60.Be5+ Ke4 61.Kc3 Kf3 62.Kb4  1-0

[Event "5th Douglas Martinez"]
[Site "Guarenas VEN"]
[Date "2012.10.27"]
[Round "4.8"]
[White "Borges Mateos,J"]
[Black "Ynojosa,F"]
[Result "1-0"]
[WhiteElo "2453"]
[BlackElo "2356"]

1.Nf3 Nf6 2.c4 c5 3.g3 b6 4.Bg2 Bb7 5.O-O e6 6.Nc3 Be7 7.d4 cxd4 8.Qxd4 d6
9.b3 Nbd7 10.Rd1 a6 11.e4 Qc7 12.Qe3 h5 13.Bb2 Ne5 14.Nxe5 dxe5 15.Na4 Rb8
16.Qxb6 Qxb6 17.Nxb6 Bc6 18.Na4 Bxa4 19.Bxe5 Rb4 20.Bc3 Bd7 21.e5 Ng8 22.Rd3 Rb8
23.Rad1 Bc8 24.Bc6+ Kf8 25.Rd8+ Bxd8 26.Rxd8+  1-0

[Event "7th Deizisau Autumn"]
[Site "Deizisau GER"]
[Date "2012.10.28"]
[Round "3.6"]
[White "Schild,C GER"]
[Black "Reimche,V"]
[Result "1-0"]
[WhiteElo "2289"]
[BlackElo "2108"]

1.c4 Nf6 2.Nf3 e6 3.g3 b6 4.Bg2 Bb7 5.O-O c5 6.Nc3 Be7 7.d4 cxd4 8.Qxd4 Nc6
9.Qf4 O-O 10.Rd1 a6 11.e4 d6 12.b3 Qc7 13.Ba3 Rfd8 14.Rac1 b5 15.cxb5 axb5
16.Bb2 Qb6 17.a3 Na5 18.Nd2 d5 19.exd5 Nxd5 20.Nxd5 Bxd5 21.b4 Nc4 22.Nxc4 bxc4
23.Qg4 Bf8 24.Bf1 Qc6 25.Qf4 Rdc8 26.Bxc4 Bxc4 27.Rd4 e5 28.Rdxc4 Qe6 29.Qe4 f5
30.Qc2 Rd8 31.Rc6 Bd6 32.Qc4 Kf7 33.Kf1 g5 34.Qe2 g4 35.Qc4 h5 36.Re1 Qxc4+
37.Rxc4 Ke6 38.Rc6 Kd5 39.b5 Ra5 40.Rd1+ Ke6 41.b6 Rb5 42.Bc1 Rd5 43.Rxd5 Kxd5
44.Rc3 Rb8 45.Be3 f4 46.gxf4 exf4  1-0

[Event "Vizag GM Open 2012"]
[Site "Visakhapatnam IND"]
[Date "2012.10.31"]
[Round "8.6"]
[White "Lalith,B"]
[Black "Stany,G"]
[Result "0-1"]
[WhiteElo "2540"]
[BlackElo "2404"]

1.Nf3 Nf6 2.c4 b6 3.g3 Bb7 4.Bg2 c5 5.O-O e6 6.Nc3 a6 7.Re1 d6 8.e4 Nbd7
9.d4 cxd4 10.Nxd4 Qc7 11.Nd5 exd5 12.exd5+ Kd8 13.Nc6+ Bxc6 14.dxc6 Nc5 15.b4 Ne6
16.c5 Rb8 17.Be3 bxc5 18.bxc5 Be7 19.Qa4 d5 20.Rab1 Rc8 21.Rb6 Bxc5 22.Qb3 Qxb6  0-1

[Event "TCh-FIN SM 2012-13"]
[Site "Helsinki FIN"]
[Date "2012.11.18"]
[Round "7.4"]
[White "Fraser,S"]
[Black "Nyysti,S"]
[Result "0-1"]
[WhiteElo "2132"]
[BlackElo "2352"]

1.Nf3 Nf6 2.c4 b6 3.g3 c5 4.Bg2 Bb7 5.O-O e6 6.Nc3 d6 7.b3 Be7 8.Bb2 O-O
9.e3 Nbd7 10.d4 cxd4 11.Nxd4 Bxg2 12.Kxg2 Qc8 13.f4 Re8 14.Qf3 Bf8 15.Rad1 a6
16.g4 e5 17.g5 exd4 18.Rxd4 b5 19.gxf6 Nxf6 20.Ne4 Nxe4 21.Rxe4 Rxe4 22.Qxe4 bxc4
23.Rc1 Qg4+ 24.Kh1 Rc8 25.Rg1 Qe6 26.Qd4 f6 27.Rc1 d5 28.bxc4 Rxc4 29.Rxc4 dxc4
30.e4 h5 31.f5 Qc6 32.Kg2 Bd6 33.Kf3 Bxh2 34.Qf2 Be5 35.Bc1 Qd7 36.Qc5 Qd1+  0-1

[Event "XXVI Belgrade Trophy 2012"]
[Site "Belgrade SRB"]
[Date "2012.11.25"]
[Round "2.47"]
[White "Pantovic,D"]
[Black "Mesterovic,L"]
[Result "1-0"]
[WhiteElo "2180"]
[BlackElo "1828"]

1.Nf3 Nf6 2.c4 b6 3.g3 Bb7 4.Bg2 e6 5.O-O c5 6.Nc3 Be7 7.d4 cxd4 8.Qxd4 O-O
9.Rd1 Nc6 10.Qf4 Qb8 11.b3 Rd8 12.Qxb8 Nxb8 13.Nb5 a6 14.Nd6 Bc6 15.Ne5 Bxg2
16.Kxg2 Rf8 17.Be3 Bxd6 18.Rxd6 b5 19.Rc1 Rc8 20.Rb6 bxc4 21.Rxc4 Rxc4 22.bxc4 Ne8
23.Rb7 Nd6 24.Rc7 f6 25.Bc5 fxe5 26.Bxd6 Nc6 27.Rxd7 Rc8 28.Rc7 Rxc7 29.Bxc7 e4
30.Kf1 Kf7 31.Ke1 Ke7 32.Kd2 Kd7 33.Bb6 Ne5 34.Bd4 Nxc4+ 35.Kc3 Nd6 36.Bxg7 Kc6
37.Bf8 Nb5+ 38.Kc4 e5 39.Bc5 a5 40.a4 Nc7 41.Be3 Nd5 42.Bd2 Nf6 43.h3 Nd7
44.Bxa5 Nc5 45.Bc3 Nxa4 46.Bxe5 Nc5 47.Kd4 Ne6+ 48.Kxe4 Ng5+ 49.Ke3 Nxh3
50.f4 Kd5 51.Kf3 Ng1+ 52.Kf2 Nh3+ 53.Kg2 Ng5 54.fxg5 Kxe5 55.Kh3  1-0

[Event "2nd UNAM Open Section I 2012"]
[Site "Mexico City MEX"]
[Date "2012.11.25"]
[Round "8.2"]
[White "Dobrov,V"]
[Black "Hambleton,A"]
[Result "1/2-1/2"]
[WhiteElo "2496"]
[BlackElo "2404"]

1.Nf3 Nf6 2.c4 c5 3.g3 b6 4.Bg2 Bb7 5.O-O e6 6.Nc3 a6 7.Re1 Be7 8.e4 d6 9.d4 cxd4
10.Nxd4 Qc7 11.Be3 Nbd7 12.Rc1 O-O 13.f4 Rfe8 14.Nb1 Bc8 15.Nf3 Qd8 16.Bc5 bxc5
17.Bf1 Bb7 18.Bg2 Bf8 19.Nc3 Be7 20.Nd4 Nb8 21.Ra1 Qc7 22.Rc1 Nbd7 23.b4 g6
24.e5  1/2-1/2

[Event "CCSCSL IM Inv"]
[Site "Saint Louis USA"]
[Date "2012.11.26"]
[Round "1.1"]
[White "Bregadze,L"]
[Black "Bartell,T"]
[Result "1/2-1/2"]
[WhiteElo "2361"]
[BlackElo "2418"]

1.Nf3 Nf6 2.c4 c5 3.g3 b6 4.Bg2 Bb7 5.O-O e6 6.b3 Be7 7.Bb2 O-O 8.e3 d5 9.Qe2 Nbd7
10.Rd1 Qc7 11.Nc3 Rac8 12.cxd5 Nxd5 13.Nxd5 Bxd5 14.e4 Bb7 15.d4 cxd4 16.Nxd4 Rfd8
17.Rac1 Qb8 18.Rxc8 Qxc8 19.Rc1 Qb8 20.Nc6 Bxc6 21.Rxc6 Ne5 22.Rc1  1/2-1/2

[Event "XXVI Belgrade Trophy 2012"]
[Site "Belgrade SRB"]
[Date "2012.11.27"]
[Round "4.42"]
[White "Pantovic,D"]
[Black "Zivanovic,D"]
[Result "1-0"]
[WhiteElo "2180"]
[BlackElo "1931"]

1.Nf3 e6 2.c4 b6 3.g3 Bb7 4.Bg2 Nf6 5.O-O c5 6.Nc3 Be7 7.d4 cxd4 8.Qxd4 Nc6
9.Qf4 O-O 10.Rd1 Nh5 11.Qd2 Nf6 12.b3 Bb4 13.Qc2 a6 14.Bb2 Qc7 15.Nd5 exd5
16.cxd5 Nxd5 17.Rxd5 Rac8 18.Rh5 g6 19.Qc4 Be7 20.Qg4 Qd6 21.Rxh7 Bf6 22.Ng5 Ne5
23.Qh4 Bxg5 24.Qxg5 Kxh7 25.Bxe5  1-0

[Event "FSGM December 2012"]
[Site "Budapest HUN"]
[Date "2012.12.09"]
[Round "8.1"]
[White "Dastan,B"]
[Black "Antipov,M2"]
[Result "0-1"]
[WhiteElo "2370"]
[BlackElo "2456"]

1.Nf3 Nf6 2.g3 b6 3.Bg2 Bb7 4.O-O c5 5.c4 e6 6.Nc3 Be7 7.d4 cxd4 8.Nxd4 Bxg2
9.Kxg2 Qc7 10.b3 a6 11.Bb2 Qb7+ 12.f3 d6 13.e4 Nbd7 14.Re1 O-O 15.Qe2 Rfe8
16.f4 Bf8 17.Nf3 Rad8 18.Rad1 h6 19.a3 a5 20.b4 axb4 21.axb4 Nb8 22.Rb1 Na6
23.Ba1 Nc7 24.Kg1 d5 25.e5 Nd7 26.Nd4 dxc4 27.Qxc4 Nb8 28.Nc2 Nd5 29.Nxd5 Rxd5
30.Ne3 Rd2 31.Bc3 b5 32.Qf1 Ra2 33.Ra1 Rxa1 34.Rxa1 Rc8 35.Qe1 Qe4 36.Nd1 Qc4
37.Qf1 Qd5 38.Rb1 Rxc3 39.Nxc3 Qd4+ 40.Kh1 Qxc3 41.Qxb5 Nc6 42.Qe2 Nxb4 43.Rd1 Nd5
44.Qd3 Qc6 45.Qf3 g6 46.g4 Bg7 47.f5 Bxe5 48.fxg6 fxg6 49.Re1 Bc7 50.Kg2  0-1

[Event "5th Kolkata Open"]
[Site "Kolkata IND"]
[Date "2012.12.11"]
[Round "9.17"]
[White "Venkatesh,M"]
[Black "Himanshu,Sh"]
[Result "0-1"]
[WhiteElo "2520"]
[BlackElo "2417"]

1.Nf3 Nf6 2.c4 e6 3.g3 b6 4.Bg2 Bb7 5.O-O c5 6.b3 Be7 7.Bb2 O-O 8.e3 d5 9.Qe2 Nc6
10.d3 Qc7 11.Nbd2 Rfd8 12.Ne1 dxc4 13.bxc4 Nb4 14.Bc3 Bxg2 15.Kxg2 Nd7 16.a3 Nc6
17.f4 Bf6 18.Bxf6 Nxf6 19.g4 Ne8 20.Rf3 f5 21.gxf5 exf5 22.Rg3 Rd6 23.Ndf3 Rad8
24.Nh4 Qf7 25.Rg5 Qf6 26.Rd1 h6 27.Rh5 g6 28.Rxh6 Qg7 29.Rxg6 Rxg6+ 30.Nxg6 Rd6
31.Nf3 Rxg6+ 32.Kh1 Nd6 33.Nh4 Rg4 34.Qf3 Rxh4 35.Qd5+ Nf7 36.Qxc6 Qg3 37.Qg2 Qxg2+
38.Kxg2 Nd6 39.a4 Nb7 40.Kg3 Rh7 41.e4 Na5 42.exf5 Rd7 43.Kg4 Nxc4 44.Kg5 Ne3
45.Re1 Rxd3 46.Kg6 Kf8 47.f6 c4 48.h4 c3 49.h5 c2 50.h6 Nd1 51.h7 Rg3+  0-1

[Event "Subotica IM 2012"]
[Site "Subotica SRB"]
[Date "2012.12.19"]
[Round "8.2"]
[White "Tancik,K"]
[Black "Cabarkapa,N"]
[Result "1/2-1/2"]
[WhiteElo "2287"]
[BlackElo "2313"]

1.Nf3 Nf6 2.c4 c5 3.g3 b6 4.Bg2 Bb7 5.O-O e6 6.Nc3 Be7 7.d4 cxd4 8.Qxd4 O-O
9.b3 Nc6 10.Qf4 a6 11.Rd1 Qb8 12.Qxb8 Nxb8 13.Be3 Bd8 14.Bf4 Ne8 15.Ng5 Bxg2
16.Kxg2 h6 17.Nge4 f5 18.Nd6 Nxd6 19.Bxd6 Rf7 20.Rd3 Nc6 21.Rad1 Ra7  1/2-1/2

[Event "ITT Cerrado LAB GM"]
[Site "Bogota COL"]
[Date "2012.12.20"]
[Round "6.2"]
[White "Alvarez Pedraza,A"]
[Black "Ruiz C,J"]
[Result "1/2-1/2"]
[WhiteElo "2513"]
[BlackElo "2387"]

1.Nf3 b6 2.g3 Bb7 3.Bg2 e6 4.c4 c5 5.O-O Nf6 6.b3 Be7 7.Bb2 O-O 8.d4 cxd4
9.Qxd4 Nc6 10.Qf4 d5 11.Nc3 dxc4 12.Qxc4 Rc8 13.Rfd1  1/2-1/2

[Event "6th Augusta Aragon Open"]
[Site "Zaragoza ESP"]
[Date "2012.12.23"]
[Round "3.4"]
[White "Strikovic,A"]
[Black "Barrantes Munoz,H"]
[Result "1-0"]
[WhiteElo "2509"]
[BlackElo "2216"]

1.c4 e6 2.Nf3 c5 3.g3 b6 4.Bg2 Bb7 5.O-O Nf6 6.Nc3 Be7 7.Re1 d6 8.e4 a6 9.d4 cxd4
10.Nxd4 Qc7 11.Be3 Nbd7 12.Rc1 Rc8 13.f4 O-O 14.g4 Nc5 15.Bf2 g6 16.f5 gxf5
17.gxf5 e5 18.Nc2 a5 19.Na3 Qb8 20.Nab5 Kh8 21.Bf3 Qa8 22.Qe2 Bc6 23.Rcd1 Qb8
24.b3 Rcd8 25.Qc2 Rg8+ 26.Kf1 Ng4 27.Bg1 Rd7 28.a3 Na6 29.Qe2 Nf6 30.Rc1 Rdd8
31.Red1 Qb7 32.Qc2 Ng4 33.Rb1 Nh6 34.Nd5 Bxd5 35.cxd5 Rc8 36.Qe2 Nc7 37.Rbc1 Nxb5
38.Qxb5 Rxg1+ 39.Kxg1 Rg8+ 40.Kh1 Bg5 41.Rc2 Be3 42.Rg2 Rxg2 43.Kxg2 Qe7
44.Qe2 Qg5+ 45.Kh1 Ng8 46.Qg2 Qh4 47.Qg4 Qf2 48.Qg2 Qh4 49.Qg3 Qh6 50.b4 a4
51.Rd3 Bd4 52.Qe1 Qh3 53.Be2 Qh6 54.Rg3 Nf6 55.Bf3 Qf4 56.Kg2 h5 57.h4 Be3
58.Qc3 Kh7 59.Qc8 Ng4 60.Qf8  1-0

[Event "Groningen Open A"]
[Site "Groningen NED"]
[Date "2012.12.27"]
[Round "6.8"]
[White "Hausrath,D"]
[Black "Beukema,S"]
[Result "1/2-1/2"]
[WhiteElo "2483"]
[BlackElo "2262"]

1.Nf3 Nf6 2.g3 b6 3.Bg2 Bb7 4.O-O c5 5.c4 e6 6.Nc3 Be7 7.d4 cxd4 8.Qxd4 d6
9.Bg5 Nbd7 10.Nb5 d5 11.cxd5 Bxd5 12.Ne5 Bxg2 13.Kxg2 Nxe5 14.Qxe5 O-O 15.Rfd1 Qc8
16.Rac1 Qb7+ 17.f3 Rac8 18.Nd6 Rxc1 19.Rxc1 Qa6 20.Qb5 Qxa2 21.Ne4 Nd5 22.Bxe7 Nxe7
23.Nc3 Qa5 24.Qxa5 bxa5 25.Rd1 Rb8 26.Rd7 Nc6 27.Rc7 Nd4 28.Rxa7 g6 29.Rxa5  1/2-1/2

[Event "XXIII Krakow Open"]
[Site "Krakow POL"]
[Date "2012.12.28"]
[Round "2.4"]
[White "Klekowski,M"]
[Black "Mozharov,M"]
[Result "0-1"]
[WhiteElo "2338"]
[BlackElo "2518"]

1.Nf3 Nf6 2.c4 e6 3.g3 b6 4.Bg2 Bb7 5.O-O c5 6.Nc3 Be7 7.d4 cxd4 8.Qxd4 O-O
9.Rd1 Nc6 10.Qf4 a6 11.e4 d6 12.b3 Qc7 13.Bb2 Ne5 14.Rac1 Rac8 15.Qe3 Ned7
16.Nd4 Rfe8 17.h3 Qb8 18.Re1 Bf8 19.g4 g6 20.Rcd1 Ba8 21.Kh1 h6 22.f4 Bg7
23.Nf3 Nc5 24.e5 dxe5 25.fxe5 Nfe4 26.Nxe4 Nxe4 27.Rd4 Nc5 28.b4 Nb7 29.g5 h5
30.Rf4 Nd8 31.Nd2 Bxg2+ 32.Kxg2 Nc6 33.Ne4 Nxe5 34.Nf6+ Bxf6 35.gxf6 Nd3
36.Rh4 Nxe1+ 37.Kf1 Qd6 38.Kxe1 e5 39.Rxh5 Qxf6 40.Qh6 Qg7  0-1

[Event "9th Schachtuerken Cup"]
[Site "Paderborn GER"]
[Date "2012.12.30"]
[Round "7.5"]
[White "Mundorf,J"]
[Black "Steinle,C"]
[Result "1/2-1/2"]
[WhiteElo "2200"]
[BlackElo "2206"]

1.Nf3 Nf6 2.g3 b6 3.Bg2 Bb7 4.O-O e6 5.c4 c5 6.Nc3 Be7 7.d4 cxd4 8.Qxd4 Nc6
9.Qd2 a6 10.b3 Qc7 11.Bb2 O-O 12.Rac1 Rfd8 13.Rfd1 Rac8 14.e3 Qb8 15.Nd4 d5
16.cxd5 Nxd4 17.Qxd4 b5 18.Ne2 Rxc1 19.Rxc1 Bxd5 20.Qe5 Qxe5 21.Bxe5 Bxg2
22.Kxg2 Nd5 23.Bc7 Rc8 24.Ba5 Rxc1 25.Nxc1 Kf8 26.e4 Nb4 27.Bxb4 Bxb4 28.Nd3 Bd6
29.Kf3 Ke8 30.h3 Kd7 31.g4 Kc6 32.Ke2 Kc7 33.Kd1 Kc6 34.Kc2 Kc7 35.Kc3 Kc6
36.Kd4 Kb6 37.f4 Be7 38.f5 Bf6+ 39.Ke3 Kc6 40.Kf4 exf5 41.Kxf5 a5 42.Kf4 Bd4
43.a4 bxa4 44.bxa4 Kd6 45.Kf3 Ke6 46.Nc1 Ke5 47.Nd3+ Ke6 48.h4 g6 49.Kf4 f6
50.h5 Bb6 51.Kf3 Bd4 52.hxg6 hxg6 53.Nf4+ Kf7 54.Ke2 Be5 55.Nd3 Bd4 56.Ne1 Ke6
57.Kd3 Bf2 58.Nf3 f5 59.exf5+ gxf5 60.gxf5+ Kxf5 61.Kc4 Ke4 62.Ng5+ Ke5 63.Kb5 Be3
64.Nf3+ Ke4 65.Ne1 Kd5 66.Nc2 Bd2 67.Na3 Bb4 68.Nc4 Bc3 69.Nxa5 Bxa5 70.Kxa5 Kc5
71.Ka6 Kc6 72.Ka7 Kc7  1/2-1/2

[Event "25th Staufer Open"]
[Site "Schwaebisch Gmuend GER"]
[Date "2013.01.03"]
[Round "4.26"]
[White "Willems,M"]
[Black "Hoegy,K"]
[Result "1/2-1/2"]
[WhiteElo "2019"]
[BlackElo "2211"]

1.c4 Nf6 2.Nf3 e6 3.g3 b6 4.Bg2 Bb7 5.O-O c5 6.Nc3 Nc6 7.b3 Be7 8.Bb2 O-O
9.e3 d5 10.cxd5 Nxd5 11.Nxd5 Qxd5 12.d4 Rfd8 13.Ne5 Qd6 14.Qf3 Nxe5 15.Qxb7 Nd3
16.Ba3 Rab8 17.Qe4 Nb4 18.Bb2 Nd5  1/2-1/2

[Event "18th Bosnjaci Open"]
[Site "Bosnjaci CRO"]
[Date "2013.01.04"]
[Round "3.6"]
[White "Djingarova,E"]
[Black "Aczel,G"]
[Result "1-0"]
[WhiteElo "2270"]
[BlackElo "2448"]

1.Nf3 Nf6 2.c4 b6 3.g3 Bb7 4.Bg2 c5 5.O-O e6 6.Nc3 d6 7.d4 cxd4 8.Qxd4 Be7
9.Bg5 h6 10.Bxf6 Bxf6 11.Qf4 Bxc3 12.bxc3 O-O 13.Rfd1 Na6 14.Rxd6 Qc7 15.Rad1 Nc5
16.Ne5 Bxg2 17.Kxg2 Rac8 18.f3 Qe7 19.R1d4 Qg5 20.Qxg5 hxg5 21.Nd7 Rfe8 22.Nxc5 Rxc5
23.Rd7 Ra5 24.Rd2 Rf8 25.Rb7 Ra3 26.Kf2 Rxc3 27.Rxa7 Rxc4 28.Rd6 Rb4 29.Rdd7 g4
30.a3 Rc4 31.Rdb7 gxf3 32.Kxf3 Rc6 33.a4 e5 34.Ra6 Rf6+ 35.Ke3 Rc8 36.Raxb6 Rc3+
37.Kd2 Rxb6 38.Rxb6 Ra3 39.Rb4 Kh7 40.Re4 Kg6 41.Kc2 Ra1 42.Kb2 Rh1 43.Rxe5 Rxh2
44.a5 f6 45.Re3 Rh5 46.a6 Rb5+ 47.Rb3 Re5 48.e3 Re7 49.Ra3 Ra7 50.Kc3 Kf5
51.Kd4 Kg4 52.e4 g5 53.Kc5 Ra8 54.a7 Re8 55.a8=Q  1-0

[Event "25th Staufer Open"]
[Site "Schwaebisch Gmuend GER"]
[Date "2013.01.04"]
[Round "5.1"]
[White "Buhmann,R"]
[Black "Dgebuadze,A"]
[Result "1-0"]
[WhiteElo "2598"]
[BlackElo "2524"]

1.Nf3 Nf6 2.c4 e6 3.g3 b6 4.Bg2 Bb7 5.O-O c5 6.Nc3 Be7 7.d4 cxd4 8.Qxd4 d6
9.Bg5 a6 10.Bxf6 Bxf6 11.Qf4 O-O 12.Rfd1 Be7 13.Ne4 Bxe4 14.Qxe4 Ra7 15.Nd4 Rc7
16.b3 Bf6 17.a4 Nd7 18.Ra2 Nc5 19.Qb1 Qc8 20.e3 Nb7 21.Rad2 Rd8 22.h4 h6
23.Kh2 Nc5 24.Qa2 Bxd4 25.Rxd4 a5 26.Rxd6 Rcd7 27.R6d4 Qc7 28.Qb2 h5 29.b4 axb4
30.Qxb4 Rd6 31.Bf3 g6 32.Kg2 e5 33.Rd5 e4 34.Be2 Rxd5 35.cxd5 Rd6 36.Qd4 Qe7
37.Bb5 g5 38.Rh1 Rg6 39.Qd1 Qf6 40.hxg5 Rxg5 41.Rh4 Rf5 42.Rf4 Rxf4 43.exf4 Qb2
44.d6 e3 45.d7 Qxf2+ 46.Kh3 Nxd7 47.Qxd7 Qf3 48.Qc8+ Kg7 49.Qc2 Qh1+ 50.Qh2 Qa1
51.Qg2 Kh6 52.Kh2 f6 53.Qc2 h4 54.gxh4 Qe1 55.Qg2 Kh7 56.f5 Kh8 57.Bc4  1-0

[Event "16th Bad Zwesten Open"]
[Site "Bad Zwesten GER"]
[Date "2013.01.05"]
[Round "5.3"]
[White "Wokrina,A"]
[Black "Meijers,V"]
[Result "0-1"]
[WhiteElo "2063"]
[BlackElo "2479"]

1.Nf3 Nf6 2.g3 b6 3.Bg2 Bb7 4.O-O c5 5.c4 e6 6.Nc3 Be7 7.b3 O-O 8.Bb2 d5
9.e3 Nbd7 10.d3 a6 11.Qe2 Qc7 12.Ne1 dxc4 13.bxc4 Bxg2 14.Nxg2 Rab8 15.a4 Ne5
16.f4 Nc6 17.g4 Rfd8 18.Ne1 Nd7 19.g5 f5 20.gxf6 Bxf6 21.f5 Qe5 22.Nd1 Qd6
23.Nc3 exf5 24.Nd5 Bxb2 25.Qxb2 Rf8 26.Ng2 Ne7 27.Ngf4 Nf6 28.Nxf6+ Rxf6
29.Rf2 Nc6 30.Raf1 Ne5 31.Nd5 Rg6+  0-1

[Event "18th Bosnjaci Open"]
[Site "Bosnjaci CRO"]
[Date "2013.01.08"]
[Round "8.11"]
[White "Kovacevic,Bl"]
[Black "Sulc,Da"]
[Result "1/2-1/2"]
[WhiteElo "2446"]
[BlackElo "2248"]

1.Nf3 Nf6 2.c4 e6 3.g3 b6 4.Bg2 Bb7 5.O-O c5 6.Nc3 Be7 7.d4 cxd4 8.Qxd4 d6
9.Bg5 a6 10.Bxf6 Bxf6 11.Qf4 O-O 12.Rfd1 Be7 13.Ne4 Bxe4 14.Qxe4 Ra7 15.Nd4 Qc8
16.b3 Bf6 17.a4 Rd8 18.Qb1 Qc5 19.e3 Rc7 20.Ra2 g6 21.h3 Bg7 22.Kh2 Rcd7
23.Rdd2 a5 24.Rd1 Na6 25.Rad2 Nb4 26.Nb5 Bf6 27.h4 Kg7 28.e4 h6 29.Bh3 g5
30.hxg5 hxg5 31.Bg4 Rh8+ 32.Kg2 Be5 33.Rh1 Rdd8 34.Rxh8 Rxh8 35.Qd1 Rd8 36.Bh5 Kf8
37.Qf3 Rd7 38.Qe2 Bf6 39.Qd1 Ke7 40.Qe2  1/2-1/2